Ханты ясанг (Запись № 9983343)

Подробности
000 -МАРКЕР
контрольное поле 02118nas1a2200349 4500
001 - ИДЕНТИФИКАТОР ЗАПИСИ
контрольное поле RU\NLR\DIGIT\13977
005 - ИДЕНТИФИКАТОР ВЕРСИИ
контрольное поле 20241225210942.0
035 ## - ДРУГИЕ СИСТЕМНЫЕ НОМЕРА
Идентификатор записи (NLR Aleph) 010116195
100 ## - ДАННЫЕ ОБЩЕЙ ОБРАБОТКИ
Данные общей обработки 20050225a1991 m y0rusy50 ca
101 0# - ЯЗЫК РЕСУРСА
Язык текста, звукозаписи и т.д. хантыйский
102 ## - СТРАНА ПУБЛИКАЦИИ ИЛИ ПРОИЗВОДСТВА
Страна публикации российская федерация
110 ## - ПОЛЕ КОДИРОВАННЫХ ДАННЫХ: ПРОДОЛЖАЮЩИЕСЯ РЕСУРСЫ
Кодированные данные продолжающегося ресурса cca 0
200 1# - ЗАГЛАВИЕ И СВЕДЕНИЯ ОБ ОТВЕТСТВЕННОСТИ
Основное заглавие Ханты ясанг
Сведения, относящиеся к заглавию Ханты-Мансийский автономный округ газета
210 ## - ПУБЛИКАЦИЯ, РАСПРОСТРАНЕНИЕ И ДР.
Место издания, распространения и т.д. Ханты-Мансийск
Дата издания, распространения и т.д. 1991-
300 ## - ОБЩИЕ ПРИМЕЧАНИЯ
Текст примечания На хантыйском языке
300 ## - ОБЩИЕ ПРИМЕЧАНИЯ
Текст примечания До 1991 г. выходила под загл.: Ленин пант хуват
300 ## - ОБЩИЕ ПРИМЕЧАНИЯ
Текст примечания Периодичность: 1 раз в нед.
311 ## - ПРИМЕЧАНИЯ, ОТНОСЯЩИЕСЯ К ПОЛЯМ СВЯЗИ (ПРИМЕЧАНИЯ О СВЯЗИ С ДРУГИМИ ПРОИЗВЕДЕНИЯМИ (ИЗДАНИЯМИ))
Текст примечания "Ханты Ясанг" - обществ.-политич. газета Ханты-Мансийского автономного округа. Главной темой газеты является раскрытие проблем, вопросов духовного и материального возрождения народов ханты и манси, пути решения этих проблем органами власти
325 ## - ПРИМЕЧАНИЕ О КОПИИ
Текст примечания Копия доступна в электронной библиотеке РНБ
462 #0 - УРОВЕНЬ ПОДНАБОРА
Встроенное поле 2001#$a1991, № 1(2250), 3-4, 6-25, 27, 29-42, 44-52(2301)
Заглавие 1991, № 1(2250), 3-4, 6-25, 27, 29-42, 44-52(2301)
462 #0 - УРОВЕНЬ ПОДНАБОРА
Встроенное поле 2001#$a1992, № 3(2304)-14, 17, 19-25, 27-30, 36-52(2353)
Заглавие 1992, № 3(2304)-14, 17, 19-25, 27-30, 36-52(2353)
462 #0 - УРОВЕНЬ ПОДНАБОРА
Встроенное поле 2001#$a1993, № 1(2354)-48, 50-52(2405)
Заглавие 1993, № 1(2354)-48, 50-52(2405)
462 #0 - УРОВЕНЬ ПОДНАБОРА
Встроенное поле 2001#$a1994, № 1(2406)-35, 37-48, 51(2456)
Заглавие 1994, № 1(2406)-35, 37-48, 51(2456)
462 #0 - УРОВЕНЬ ПОДНАБОРА
Встроенное поле 2001#$a1995, № 1(2457)-52(2508)
Заглавие 1995, № 1(2457)-52(2508)
462 #0 - УРОВЕНЬ ПОДНАБОРА
Встроенное поле 2001#$a1996, № 1(2509)-10, 12, 15-16, 20-28, 32-52(2560)
Заглавие 1996, № 1(2509)-10, 12, 15-16, 20-28, 32-52(2560)
541 0# - ПЕРЕВОД ЗАГЛАВИЯ, СДЕЛАННЫЙ КАТАЛОГИЗАТОРОМ
Заглавие Хантыйское слово
Язык заглавия русский
541 0# - ПЕРЕВОД ЗАГЛАВИЯ, СДЕЛАННЫЙ КАТАЛОГИЗАТОРОМ
Заглавие Слово народа ханты
Язык заглавия русский
801 #2 - ИСТОЧНИК ЗАПИСИ
Страна российская федерация
Организация NLR
Дата составления 20100511
Источник данных rusmarc
852 ## - МЕСТОНАХОЖДЕНИЕ И ШИФР ХРАНЕНИЯ
Идентификатор организации NLR
Наименование фонда или коллекции (Sub-Location Identifier) ОНЛ
Шифр хранения (Call Number) Хант.-г.1-6
942 ## - ДОПОЛНИТЕЛЬНЫЕ ЭЛЕМЕНТЫ ЗАПИСИ (АБИС)
Тип экземпляра АБИС Газета

Нет доступных экземпляров.